Adventure Time Characters - Statistics

General Stats
  • This quiz has been taken 68 times
  • The average score is 9 of 10
Answer Stats
Hint Character % Correct
___ the human Fin
100%
____ the dog Jake
100%
Evil ice and snow controlling wizard Ice King
98%
Princess of Candy Kingdom Princess Bubblegum
96%
Purple cloud-like princess Lumpy Space Princess
93%
_________ the vampire queen Marceline
91%
Talking elephant who makes apple pie Tree Trunks
89%
Earl who was a citrus fruit shaped head Earl of Lemongrab
85%
Princess who is made up of fire Flame Princess
83%
A living video game consol Beemo
43%
No matching quizzes found
Score Distribution
Percent of People with Each Score
Percentile by Number Answered
Your Score History
You have not taken this quiz